Регионална библиотека "Любен Каравелов" - Русе

Америка - оная обетована земя (Запис номер 114416)

MARC детайли
000 -Лидер
Контролно поле с фиксирана дължина 01702nam a2200421 c 4500
003 - Код на организацията, давaща контролен номер
Контролно поле BLK
005 - Дата и час на последна редакция
Контролно поле 20240313005514.0
008 - Елементи от данни с фиксирана дължина
fixed length control field 180409b bul|||||r ||||||| ||bul||
010 ## - Наследен системен номер
LC control number KNG00119847000
020 ## - Международен стандартен номер на книга ISBN
Международен стандартен номер на книга ISBN 978-954-740-054-2
020 ## - Международен стандартен номер на книга ISBN
Международен стандартен номер на книга ISBN 978-954-8701-66-2
040 ## - Източник на каталожния запис
Идентификатор на билиотеката - собственик на записа BLK
041 ## - Код за език
Код за езика на текст/звукозапис или на отделно заглавие Български
Код за езика КДБФ Български
072 #7 - Код за тематичната категория
Код организация bullib
Код за тематична категория Н84
Текст Българска художествена литература Н
072 #7 - Код за тематичната категория
Код организация bullib
Код за тематична категория К
Текст Краезнание
080 ## - УДК
Текстов определител УДК Българска литература
УДК код - определител по УДК 821.163.2
УДК определител -92
УДК - код + определител 821.163.2-92
100 ## - Редна дума - Автор
Автор Каравелов, Любен Стойчев
Дати, свързани с автора 1834-1879
Автор - информация (биография) Писател, публицист, фолклорист, революционер
R(LIN) 431119
139 ## - Редно поле
Редна дума Каравелов, Любен Стойчев
Авторски знак Карав - К 29
245 10 - Сведения за заглавието
Заглавие Америка - оная обетована земя
Подзаглавни данни Публицистика
Редно поле (дума) Любен Стойчев Каравелов; състав. и встъп. студия Йордан Йорданов Палежев.
257 ## - Страна на издаване
Страна на създаване/издаване България
260 ## - Област на издателските данни
Име на издателя, разпространителя и проч. Лит. форум
-- Денница
Година на издаване 2012
Печатница Русе : Авангард принт
300 ## - Физическа характеристика
Страници 256 с.
Илюстрации и др. портр., факс.
Размери/Мащаб 21 см
380 ## - Жанр
Жанр Худож. лит.
653 ## - Ключова дума – ненормативна
Ключова дума публицистика
659 ## - Тематичен бюлетин
Тематичен бюлетин К
659 ## - Тематичен бюлетин
Тематичен бюлетин Н
700 1# - Други автори (авторска отговорност)
Лично име Палежев, Йордан Йорданов
Дати, свързани с автора 1940-
9 (RLIN) 105744
852 ## - Местоположение
Форматна сигнатура Цб 255491
852 ## - Местоположение
Форматна сигнатура К 821.163.2/К 29
856 4# - Електронен адрес и достъп
Електронен формат pdf - файл
Инструкция (цена за достъп) 0.00
Права за достъп disable
856 4# - Електронен адрес и достъп
Електронен формат pdf - файл
Инструкция (цена за достъп) 0.00
Права за достъп disable
999 ## - СИСТЕМНИ КОНТРОЛНИ НОМЕРА
Koha biblionumber 114416
Koha biblioitemnumber 114416
942 ## - АРТИКУЛИ
Вид на библиотечния материал Книги
Скрит в OPAC Не
Koha issues (borrowed), all copies 3
Периодичен библиозапис Да
944 ## - СЪЗДАВАНЕ И РЕДАКЦИЯ на ЗАПИСА
Създаване/Редакция Създаване
Дата на регистрацията/редакция 20.06.2012
Статус, дата на статуса CRON CRON
Служител, извършил регистрацията/редакцията
944 ## - СЪЗДАВАНЕ И РЕДАКЦИЯ на ЗАПИСА
Създаване/Редакция Редакция
Дата на регистрацията/редакция 21.08.2014
Статус, дата на статуса ф /
999 ## - СИСТЕМНИ КОНТРОЛНИ НОМЕРА
Koha biblioitemnumber 114416
999 ## - СИСТЕМНИ КОНТРОЛНИ НОМЕРА
Koha biblioitemnumber 114416
999 ## - СИСТЕМНИ КОНТРОЛНИ НОМЕРА
Koha biblioitemnumber 114416
Наличности
Код за отписване Код за изгубен артикул Код за повреда Коз за рестрикции Код за отдаване Артикулен № Име на библиотеката - собственик Име на библиотеката, в която се намира в момента Статус (Текущо местоположение) Дата на вписване в системата Местоположение - отдел Цена в лева Инвентарен номер Систематично азбучна сигнатура Баркод Номер на екземпляра Цена в евро Служебна бележка Служебен тип на артикула Източник на класификационната схема
  Не е изгубен Не е повреден без рестрикции заемане за дома 183027 Регионална библиотека "Любен Каравелов" Русе Регионална библиотека "Любен Каравелов" Русе Заемна - подръчен фонд 2012-06-18 Заемна - подръчен фонд 12.00 120000758440 П 886.7-9/К 29 120000758440 1 6.14 Дост: DA Вид: А N: 11 Дата: 18.06.2012 Дата инв: 13.02.2018 Бележки инв: П2018 Книги  
  Не е изгубен Не е повреден без рестрикции заемане за дома 183028 Регионална библиотека "Любен Каравелов" Русе Регионална библиотека "Любен Каравелов" Русе Заемна - подръчен фонд 2012-06-18 Заемна - подръчен фонд 12.00 120000758441 П 886.7-9/К 29 120000758441 2 6.14 Дост: DA Вид: А N: 11 Дата: 18.06.2012 Дата инв: 13.02.2018 Бележки инв: П2018 Книги  
  Не е изгубен Не е повреден без рестрикции заемане за дома 183029 Регионална библиотека "Любен Каравелов" Русе Регионална библиотека "Любен Каравелов" Русе Заемна - подръчен фонд 2012-06-18 Заемна - подръчен фонд 12.00 120000758442 П 886.7-9/К 29 120000758442 3 6.14 Дост: DA Вид: А N: 11 Дата: 18.06.2012 Дата инв: 13.02.2018 Бележки инв: П2018 Книги  
  Не е изгубен Не е повреден без рестрикции заемане за дома 183030 Регионална библиотека "Любен Каравелов" Русе Регионална библиотека "Любен Каравелов" Русе Заемна - подръчен фонд 2012-06-18 Заемна - подръчен фонд 12.00 120000758443 П 886.7-9/К 29 120000758443 4 6.14 Дост: DA Вид: А N: 11 Дата: 18.06.2012 Дата инв: 13.02.2018 Бележки инв: П2018 Книги  
  Не е изгубен Не е повреден без рестрикции ползва се в читалня 183031 Регионална библиотека "Любен Каравелов" Русе Регионална библиотека "Любен Каравелов" Русе Краезнание 2012-06-18 Краезнание 12.00 120000758444 К 821.163.2/К 29 120000758444 5 6.14 Дост: DA Вид: А N: 11 Дата: 18.06.2012 Дата инв: 07.11.2017 Бележки инв: К2017 Книги Universal Decimal Classification
  Не е изгубен Не е повреден без рестрикции ползва се в читалня 183032 Регионална библиотека "Любен Каравелов" Русе Регионална библиотека "Любен Каравелов" Русе Хранилище 2013-08-19 Хранилище 12.00 120000768890 Цб 255491 120000768890 6 6.14 Дост: Dp Вид: Д N: 19 Дата: 10.05.2012 Книги  
Vip Innovations Ltd, Rousse, Bulgaria 2025